[Event "CAN-ch U08 Girls"]
[Site "Windsor"]
[Date "2010.07.06"]
[Round "2"]
[White "Gupta, Aterya"]
[Black "Paraparan, Varshini"]
[Result "0-1"]
[WhiteElo "862"]
[BlackElo "867"]
[PlyCount "66"]
[EventDate "2010.07.06"]
[EventType "swiss"]
[EventRounds "7"]
[EventCountry "CAN"]
[SourceTitle "EXT 2012"]
[Source "ChessBase"]
[SourceDate "2011.11.24"]
[SourceVersion "1"]
[SourceVersionDate "2011.11.24"]
[SourceQuality "1"]

1. d4 d5 2. c4 c6 3. cxd5 cxd5 4. e3 Bf5 5. Nf3 e6 6. Bb5+ Nd7 7. 0-0 Bd6 8. Nc3 Ngf6 9. Rb1 Bxb1 10. Nxb1 0-0 11. Nc3 a6 12. Ba4 Ne4 13. Ne2 e5 14. b3 b5 15. dxe5 Nxe5 16. Qxd5 Nxf3+ 17. gxf3 Bxh2+ 18. Kxh2 Qxd5 19. Nf4 Qe5 20. fxe4 bxa4 21. bxa4 Qxe4 22. Ba3 Rfe8 23. Bc5 Re5 24. f3 Qc4 25. Rd1 Qxc5 26. Nd3 Rh5+ 27. Kg2 Qxe3 28. Nb4 Qe2+ 29. Kg1 Qxd1+ 30. Kf2 Re8 31. Kg3 Rf5 32. Kg4 Qxf3+ 33. Kh4 Re4# 0-1